00809nam a22001097a 4500040000800000082002700008100004700035245048100082260002600563300002300589856008700612 cRUA aAGR SOM 2017 B646 Or.1 aSOM CHANNY សុម​ ចាន់នី aeffect of using urea in different rates on bunching onion in crop station at royal university of agriculture ប្រសិទ្ធភាពនៃការប្រើប្រាស់ជីអ៊ុយរ៉េក្នុងកម្រិតផ្សេងៗគ្នាលើដំណាំខ្ទឹមស្លឹក នៅស្ថានីយ៍ពិសោធន៍ដំណាំសាកលវិទ្យាល័យភូមិន្ទកសិកម្ម aRUAbPhnom penhc2017 axi;31pbill;c29cm uhttps://drive.google.com/file/d/1qhaQOqNM8gGGwmamMen-SVIJNJ4B4Gj0/view?usp=sharing